Central Library OPAC University of Rajshahi

হারুকি মুরাকামির নির্বাচিত গল্প / (Record no. 39144)

MARC details
000 -LEADER
fixed length control field 00920nam a2200241 a 4500
001 - CONTROL NUMBER
control field 39144
003 - CONTROL NUMBER IDENTIFIER
rucl marc code BD-RjUL
005 - DATE AND TIME OF LATEST TRANSACTION
control field 20211209052927.0
008 - FIXED-LENGTH DATA ELEMENTS--GENERAL INFORMATION
fixed length control field 160405s2011 bg ||||e |||| 00| 0 ben d
020 ## - INTERNATIONAL STANDARD BOOK NUMBER
International Standard Book Number 9847000001320:
Terms of availability Tk.150.00
035 ## - SYSTEM CONTROL NUMBER
System control number (BD-RjUL)
040 ## - CATALOGING SOURCE
Original cataloging agency BD-RjUL
Language of cataloging ben
Transcribing agency BD-RjUL
041 ## - LANGUAGE CODE
Language code of text/sound track or separate title ben
082 ## - DEWEY DECIMAL CLASSIFICATION NUMBER
Edition number 23
Classification number 891.44
Author mark and year HAR 2011
245 ## - TITLE STATEMENT
Title হারুকি মুরাকামির নির্বাচিত গল্প /
Statement of responsibility, etc. মুখার্জি, অভিজিৎ [অনুবাদ]
260 ## - PUBLICATION, DISTRIBUTION, ETC. (IMPRINT)
Place of publication, distribution, etc. ঢাকা :
Name of publisher, distributor, etc. জাতীয়া সাহিত্য প্রকাশ,
Date of publication, distribution, etc. ২০১১
300 ## - PHYSICAL DESCRIPTION
Pagination ১১০ পৃ.;
Size ২১ সে.মি.
600 ## - SUBJECT ADDED ENTRY--PERSONAL NAME
Personal name
650 ## - SUBJECT ADDED ENTRY--TOPICAL TERM
Topical term or geographic name as entry element বাংলা সাহিত্য
9 (RLIN) 120779
Topical term or geographic name as entry element Bengali Fiction
9 (RLIN) 120780
700 ## - ADDED ENTRY--PERSONAL NAME
Personal name অভিজিৎ মুখার্জি [অনুবাদ]
942 ## - ADDED ENTRY ELEMENTS (KOHA)
Source of classification or shelving scheme Dewey Decimal Classification
Koha item type Books
Holdings
Lost status Source of classification or shelving scheme Damaged status Not for loan Collection code Permanent Location Current Location Shelving location Date acquired Source of acquisition Cost, normal purchase price Total Checkouts Full call number Date last seen Copy number Koha item type Date checked out
  Dewey Decimal Classification   Not For Loan Fiction Central Library, University of Rajshahi Central Library, University of Rajshahi Reading Room 29/07/2013 Jatiya Sahitya Prakash, Dhaka. 150.00   B 891.44 HAR 2011 05/04/2016 C-1 Books  
  Dewey Decimal Classification     Fiction Central Library, University of Rajshahi Central Library, University of Rajshahi   29/07/2013 Jatiya Sahitya Prakash, Dhaka. 150.00 1 B 891.44 HAR 2011 12/09/2023 C-2 Books 28/08/2023
  Dewey Decimal Classification     Fiction Central Library, University of Rajshahi Central Library, University of Rajshahi   29/07/2013 Jatiya Sahitya Prakash, Dhaka. 150.00 1 B 891.44 HAR 2011 28/01/2019 C-3 Books 27/01/2019